00328 2200145 4500245004800000250001100048100001600059650001600075650001700091005001900108260001800127041001400145084001400159336000900173 aMencari Aku, dalam WaktucNabila Q. KhText aCet. 1 aNabila Q. K aKarya Siswa aAutobiografi a20250521103525 aJakartac2025 aIndonesia a081 NAB m atext